000
00241nmm a2200097Ia 4500
008
220120s9999||||xx |||||||||||||||||und||
082
_a
00 5.133 RIN
100
_a
Rinehart, Martin
_9
1295
245
0
_a
Java database development
260
_c
2000
999
_c
139038
_d
139038